000 01576cam a2200457 a 4500
001 21516
003 VRT
005 20260303144315.0
008 200104s2011 xo a c 000 0 slo
015 _aSNBA2012/02-00971
020 _a9788080895457
_q(viaz.)
035 _aurn:nbn:sk:snk-am00cz9f
035 _aurn:nbn:sk:snk-am3hg9b
035 _aF18E4320-70BD-4710-B461-D29F31020168
039 9 _a202001041113
_bVLOAD
_c201709111336
_dVLOAD
_c201209261148
_dmsllk01
_c201204190933
_dmsnk38
040 _aVTHK
_bslo
_cVTHK
_dSNK
_eAACR2
041 0 _aslo
044 _axo
_cSK
072 7 _a821-93
_xLiteratúra pre deti a mládež (beletria)
_2konspekt
080 _a821-93
_22001
080 _a(0.025.2)
_22001
100 1 _aPechová, Ladislava
_4aut
_4ill
245 1 0 _aO troch prasiatkach
_c[text a ilustrácie:] Ladislava Pechová
250 _a1. slov. vyd.
260 _aBratislava
_bFragment
_c2011
300 _a[10] s.
_bfareb. ilustr.
_c15x22 cm
490 1 _aČítanie pre radosť a poučenie
500 _aNáz. z obalu
521 1 _aPre deti od 2 rokov
655 7 _apublikácie pre deti
_2SNKPH
655 7 _aleporelá
_2SNKPH
655 7 _aPicture books for children
_2SNKPHeng
655 7 _aChildren's literature
_2SNKPHeng
830 0 _aČítanie pre radosť a poučenie
942 _2ddc
_cKLDE
_n0
949 _617A0795848
_asnkSE 12291
_bsnk2012/926
_o2876/11
_s6100:20170927
949 _617A0795850
_asnkSE 12291 D1
_bsnk2012/927
_o2876/11
980 _a087.5
980 _a(084)
999 _c21516
_d21516